000 00648nam a2200229Ia 4500
005 20241129110116.0
008 241129s9999||||xx |||||||||||||| ||und||
020 _a978-1-138-30161-0
037 _aTB
040 _aARTS
_beng
_cARTS
041 _aeng
_2eng
084 _aY15v2 R4
_qARTS
100 _aNita Kumar Au.
_9723728
245 0 _aWomen, gender and history in India
_cNita Kumar Au.
260 _aUK
_bRoutledge
_c2022
300 _aviii,200p.
365 _aUKP
_b35.99
490 _aGender history around the globe
650 _aSociologyWomenHistory-India
_9727236
942 _cTB
_hY15v2 R4
999 _c1227340
_d1227340